投资万里行 (Record no. 62191)

000 -LEADER
fixed length control field 00439nam a22001817a 4500
003 - CONTROL NUMBER IDENTIFIER
control field MPLRDC
005 - DATE AND TIME OF LATEST TRANSACTION
control field 20220104182949.0
008 - FIXED-LENGTH DATA ELEMENTS--GENERAL INFORMATION
fixed length control field 210129b ||||| |||| 00| 0 eng d
020 ## - INTERNATIONAL STANDARD BOOK NUMBER
International Standard Book Number 981-4127-61-2
082 ## - DEWEY DECIMAL CLASSIFICATION NUMBER
Classification number 563.52 ZMS
100 ## - MAIN ENTRY--PERSONAL NAME
Personal name 郑名杉
245 ## - TITLE STATEMENT
Title 投资万里行
Statement of responsibility, etc.
250 ## - EDITION STATEMENT
Edition statement 初版一刷
260 ## - PUBLICATION, DISTRIBUTION, ETC.
Place of publication, distribution, etc. 新加坡
Name of publisher, distributor, etc. 国际企业发展局
Date of publication, distribution, etc. 2003
300 ## - PHYSICAL DESCRIPTION
Other physical details
650 ## - SUBJECT ADDED ENTRY--TOPICAL TERM
Topical term or geographic name entry element 投资各论
942 ## - ADDED ENTRY ELEMENTS (KOHA)
Koha item type Book
-- 563.52 ZMS
Holdings
Withdrawn status Lost status Source of classification or shelving scheme Damaged status Not for loan Collection code Home library Current library Shelving location Date acquired Cost, normal purchase price Total Checkouts Full call number Barcode Date last seen Date last checked out Price effective from Koha item type Public note
            Malaysian Public Library, Research and Development Centre Malaysian Public Library, Research and Development Centre   19/07/2008 25.00   563.52 ZMS 00055562 18/03/2021 31/07/2008 18/03/2021 Book mplrdc

© 2022. Malaysian Public Library, Research and Development Centre. All Right ReservedE-mailmplrdc@help.edu.my 

Powered by Koha